000
003250000a22001450004500
003
MACL
040
_a
MACL
090
_c
32292
_d
32290
100
_a
Jhabvala , Noshirvan H.
245
_a
The Negotiable Instruments Act
260
_b
C. Jamnadas & Company
350
_a
60
650
_a
Economics
942
_c
BOOK
_k
332.76/Jha
999
_c
31963
_d
31963